Missing Word: 1951 Movies A-Z Quiz Stats

 Plays Quiz Updated Apr 13, 2020

     
Support Sporcle.
Go Orange.
Score 0/25 Timer 03:00
0 Plays Today
A-Z Missing Word % Correct
EEarth
97.2%
DDesire
96.9%
MMan
95.5%
PParis
94.9%
WWonderland
94.6%
CCollide
94.4%
BBadge
92.7%
GGreat
91.3%
NNew
88.4%
YYou're
87.6%
ZZone
85.6%
AAfrican
84.9%
KKind
82.3%
A-Z Missing Word % Correct
FFlying
80.7%
SStrangers
74.5%
QQuo
72.7%
OOutfield
68.9%
HHornblower
68.2%
LLavender
48.9%
IIsland
47.7%
RRoyal
43.6%
JJourney
40.8%
TThing
34.7%
UUnknown
15.4%
VVictory
12.7%

Today's Daily Dose

From the Vault

Letter Grid: US Presidents

by nateeverett

We've stuff some of the Presidents into a box. The rest are probably thankful they're not stuck in there too.
Remove Ads.
Support Sporcle.
Get the best of Sporcle when you Go Orange. This ad-free experience offers more features, more stats, and more fun while also helping to support Sporcle. Thank you for becoming a member.

Show Comments

Extras

Top Quizzes Today


Score Distribution

Your Account Isn't Verified!

In order to create a playlist on Sporcle, you need to verify the email address you used during registration. Go to your Sporcle Settings to finish the process.

Report this User

Report this user for behavior that violates our Community Guidelines.

Details: